00639nam a22001457a 4500008004100000040000800041245003900049260005200088300002400140336002700164337003300191338002900224505018700253650005300440260701b mx o||||r|||| 001 0 spa d bspa aLOTERÍA DE FIESTAS Y TRADICIONES aMÉXICObGOBIERNO DEL ESTADO QUERÉTAROc2012 a56c18 cm x 21.5 xm 2rdacontentatextobtxt 2rdamediaasin mediaciónbn 2rdacarrieravolumen bnc aPRESENTA UNA VERSIÓN LÚDICA DE LAS CELEBRACIONES POPULARES DE QUERÉTARO A TRAVÉS DEL JUEGO DE LA LOTERÍA, RESALTANDO LA IDENTIDAD CULTURAL Y LAS TRADICIONES DE LA REGIÓN. aCIENCIAS SOCIALESvCOSTUMBRES, ETIQUETA, FOLCLOR